| 000 | 00967nam a2200301Ia 4500 | ||
|---|---|---|---|
| 003 | GCL | ||
| 008 | 140319s9999 xx 000 0 ara d | ||
| 040 |
_aGCL / _cGCL |
||
| 082 | 0 | 4 |
_a370.15 _bع ن |
| 100 | 1 | _aعماد الزغول | |
| 245 | 1 | 0 |
_aنظريات التعلم / _cعماد الزغول |
| 250 | _aالاولى | ||
| 260 |
_aالاردن : _bدار الشروق للنشر والتوزيع ، _c2003 |
||
| 300 |
_a255 ص ؛ _c24 سم |
||
| 650 | 0 | 4 | _aالتعلم |
| 650 | 0 | 4 | _aالتفكير |
| 650 | 0 | 4 | _aاساسيات التعليم |
| 650 | 0 | 4 | _aالادراك |
| 650 | 0 | 4 | _aالابداع |
| 650 | 0 | 4 | _aالتفكير - تنمية |
| 650 | 0 | 4 | _aنظرية الجشتلت |
| 650 | 0 | 4 | _aالتعلم بالمحاولة والخطأ |
| 650 | 0 | 4 | _aالتعلم الاجرائى |
| 650 | 0 | 4 | _aالتعلم الاقترانى |
| 650 | 0 | 4 | _aالتعلم الاجتماعى |
| 650 | 0 | 4 | _aالتعلم القصدى |
| 942 |
_2ddc _cBK |
||
| 999 |
_c10151 _d10151 |
||